| 000 | 01197pam a2200325 a 4500 | ||
|---|---|---|---|
| 001 | 3296959 | ||
| 003 | Ke-BoTe | ||
| 005 | 20220607091635.0 | ||
| 008 | 830927s1984 moua b 001 0 eng | ||
| 010 | _a 83021956 | ||
| 020 | _a0801621259 | ||
| 040 |
_aDLC _cDLC _dDLC |
||
| 050 | 1 | 0 |
_aRJ370 _b.N87 1984 |
| 060 | _aWY 159 N9739 | ||
| 082 | 0 | 0 |
_a610.73/62 _219 |
| 245 | 0 | 0 |
_aNursing care of the critically ill child / _cAmerican Association of Critical-Care Nurses ; [edited by] Mary Fran Hazinski ; original artwork by Marilou Kundmueller ; [contributors, Judy Harr ... et al.]. |
| 260 |
_aSt. Louis : _bMosby, _c1984. |
||
| 300 |
_axiii, 834 p. : _bill. ; _c29 cm. |
||
| 504 | _aIncludes bibliographies and index. | ||
| 650 | 0 |
_aPediatric intensive care. _93162 |
|
| 650 | 0 |
_aPediatric nursing. _93989 |
|
| 650 | 0 |
_aIntensive care nursing. _93748 |
|
| 650 | 2 |
_aCritical care _xIn infancy and childhood _xNursing texts. _97734 |
|
| 650 | 2 |
_aPediatric nursing. _93989 |
|
| 700 | 1 |
_aHazinski, Mary Fran. _97735 |
|
| 700 | 1 |
_aHarr, Judy. _97736 |
|
| 710 | 2 |
_aAmerican Association of Critical-Care Nurses. _97737 |
|
| 906 |
_a7 _bcbc _corignew _d1 _eocip _f19 _gy-gencatlg |
||
| 942 |
_2lcc _cBK _n0 |
||
| 999 |
_c3634 _d3634 |
||